000 00270nam a22001217a 4500
008 171220b xxu||||| |||| 00| 0 eng d
041 _aeng
080 _a616.008-073
100 _a7
101 _aSHM
245 _aHOW TO READ AN ECG
_cBLOWERS.M.C
942 _2udc
_cBK
999 _c39220
_d39220